000 00362pab a2200133 454500
008 180718b1987 xxu||||| |||| 00| 0 eng d
100 _aKashem, M.A.
245 _aSmall farmer's need for institutional credit in Bangladesh
260 _c1987
300 _a181-90
650 _aAgricultural Credit - Bangladesh
773 _aSaving and Development
909 _a3348
999 _c3348
_d3348